000 00860nam a22002297a 4500
005 20230809083238.0
008 230809b |||||||| |||| 00| 0 eng d
020 _a071672250X
040 _aDLC
_cKMU
_dKMU
050 0 0 _aQA276.12 Moo
100 1 _aMoore, David S.
245 1 0 _aIntroduction to the practice of statistics /
_cDavid S. Moore, George P. McCabe.
250 _a2nd ed.
260 _aNew York :
_bFreeman,
_cc1993.
300 _axxiii, 854 p. :
_bill. (some col.) ;
_c24 cm.
504 _aIncludes bibliographical references and index.
650 0 _aMathematical statistics.
700 1 _aMcCabe, George P.
906 _a7
_bcbc
_corignew
_d1
_eocip
_f19
_gy-gencatlg
942 _2lcc
_cBK
_e2nd ed.
_n0
999 _c559
_d559